<?xml version="1.0" encoding="UTF-8"?><?xml-stylesheet type="text/xsl" href="static/style.xsl"?><OAI-PMH xmlns="http://www.openarchives.org/OAI/2.0/" xmlns:xsi="http://www.w3.org/2001/XMLSchema-instance" xsi:schemaLocation="http://www.openarchives.org/OAI/2.0/ http://www.openarchives.org/OAI/2.0/OAI-PMH.xsd"><responseDate>2026-04-27T21:34:45Z</responseDate><request verb="GetRecord" identifier="oai:uvadoc.uva.es:10324/70751" metadataPrefix="marc">https://uvadoc.uva.es/oai/request</request><GetRecord><record><header><identifier>oai:uvadoc.uva.es:10324/70751</identifier><datestamp>2025-01-20T11:52:05Z</datestamp><setSpec>com_10324_1146</setSpec><setSpec>com_10324_931</setSpec><setSpec>com_10324_894</setSpec><setSpec>col_10324_1262</setSpec></header><metadata><record xmlns="http://www.loc.gov/MARC21/slim" xmlns:doc="http://www.lyncode.com/xoai" xmlns:xsi="http://www.w3.org/2001/XMLSchema-instance" xmlns:dcterms="http://purl.org/dc/terms/" xsi:schemaLocation="http://www.loc.gov/MARC21/slim http://www.loc.gov/standards/marcxml/schema/MARC21slim.xsd">
<leader>00925njm 22002777a 4500</leader>
<datafield tag="042" ind1=" " ind2=" ">
<subfield code="a">dc</subfield>
</datafield>
<datafield tag="720" ind1=" " ind2=" ">
<subfield code="a">Martín Herrán, Guiomar</subfield>
<subfield code="e">author</subfield>
</datafield>
<datafield tag="720" ind1=" " ind2=" ">
<subfield code="a">Rubio, Santiago J.</subfield>
<subfield code="e">author</subfield>
</datafield>
<datafield tag="260" ind1=" " ind2=" ">
<subfield code="c">2024</subfield>
</datafield>
<datafield tag="520" ind1=" " ind2=" ">
<subfield code="a">This paper characterizes an efficiency-inducing policy for a polluting oligopoly when&#xd;
pollution abatement is technologically feasible, and when environmental damage depends&#xd;
on the pollution stock. Using a dynamic policy game between the regulator and the&#xd;
oligopolists, we show that a tax-subsidy scheme can implement the efficient outcome&#xd;
as a regulated market equilibrium. The scheme consists of a tax on production and a&#xd;
subsidy that can either be on abatement efforts or on abatement costs. Both schemes&#xd;
prescribe a different tax rule, but both implement the efficient outcome. If firms act&#xd;
strategically, taking into account the evolution of the pollution stock when they decide&#xd;
on abatement and production, the subsidy reflects the divergence between the social&#xd;
and private valuation of the pollution stock associated with the abatement decision.&#xd;
Consequently, the tax has to correct the two market failures associated with production:&#xd;
the market power of the firms and the negative externality caused by pollution. Using&#xd;
an LQ (differential) policy game, we show that the tax increases with the pollution stock&#xd;
for both schemes, and that the application of a subsidy on abatement costs leads to a&#xd;
laxer tax rule. Interestingly, it also yields a lower fiscal deficit at the steady state. Thus,&#xd;
from a fiscal perspective, the policy recommendation is the application of a subsidy on&#xd;
abatement costs.</subfield>
</datafield>
<datafield tag="024" ind2=" " ind1="8">
<subfield code="a">Dynamic Games and Applications, 2022, vol. 14, p. 195-222</subfield>
</datafield>
<datafield tag="024" ind2=" " ind1="8">
<subfield code="a">2153-0785</subfield>
</datafield>
<datafield tag="024" ind2=" " ind1="8">
<subfield code="a">https://uvadoc.uva.es/handle/10324/70751</subfield>
</datafield>
<datafield tag="024" ind2=" " ind1="8">
<subfield code="a">10.1007/s13235-023-00534-7</subfield>
</datafield>
<datafield tag="024" ind2=" " ind1="8">
<subfield code="a">195</subfield>
</datafield>
<datafield tag="024" ind2=" " ind1="8">
<subfield code="a">1</subfield>
</datafield>
<datafield tag="024" ind2=" " ind1="8">
<subfield code="a">222</subfield>
</datafield>
<datafield tag="024" ind2=" " ind1="8">
<subfield code="a">Dynamic Games and Applications</subfield>
</datafield>
<datafield tag="024" ind2=" " ind1="8">
<subfield code="a">14</subfield>
</datafield>
<datafield tag="024" ind2=" " ind1="8">
<subfield code="a">2153-0793</subfield>
</datafield>
<datafield tag="245" ind1="0" ind2="0">
<subfield code="a">Efficiency-Inducing Policy for Polluting Oligopolists</subfield>
</datafield>
</record></metadata></record></GetRecord></OAI-PMH>